<?xml version="1.0" encoding="UTF-8"?>
<marc:record xmlns:marc="http://www.loc.gov/MARC21/slim">
   <marc:leader>00000nam a2200000 a 4500</marc:leader>
   <marc:datafield ind1="1" ind2=" " tag="100">
      <marc:subfield code="a">Hunter, Holly</marc:subfield>
   </marc:datafield>
   <marc:datafield ind1="1" ind2=" " tag="100">
      <marc:subfield code="a">Rhames, Ving</marc:subfield>
   </marc:datafield>
   <marc:datafield ind1="1" ind2=" " tag="100">
      <marc:subfield code="a">Gyllenhaal, Maggie</marc:subfield>
   </marc:datafield>
   <marc:datafield ind1="1" ind2=" " tag="100">
      <marc:subfield code="a">Barnz, Daniel</marc:subfield>
   </marc:datafield>
   <marc:datafield ind1="0" ind2="0" tag="245">
      <marc:subfield code="a">Um Klassen besser [Bildtonträger]</marc:subfield>
   </marc:datafield>
   <marc:datafield ind1="0" ind2="0" tag="245">
      <marc:subfield code="b">Regeln sind da, um gebrochen zu werden</marc:subfield>
   </marc:datafield>
   <marc:datafield ind1="0" ind2="0" tag="245">
      <marc:subfield code="c">Regie: Daniel Barnz. Mit Maggie Gyllenhaal, Ving Rhames, Holly Hunter ...</marc:subfield>
   </marc:datafield>
   <marc:datafield ind1=" " ind2="1" tag="264">
      <marc:subfield code="b">Polyband/WVG</marc:subfield>
      <marc:subfield code="c">2014</marc:subfield>
   </marc:datafield>
   <marc:datafield ind1="1" ind2=" " tag="520">
      <marc:subfield code="a">UM KLASSEN BESSER - der US-Kinofilm mit Hollywood-Starbesetzung, greift auf äusserst unterhaltsame, emotionale aber auch humorvolle Weise das hochaktuelle und brisante Thema der sozialen Benachteiligung auf und erzählt gleichzeitig eine Geschichte über starke Frauen, die den Wunsch und den Mut haben, es einfach besser zu machen.Jamie (Maggie Gyllenhaal) will unter... allen Umständen ihrer Tochter eine gute Schulbildung ermöglichen. Doch als sich die Zustände an der Schule ihresKindes immer weiter ve rschlechtern, nimmt die Kellnerin, unterstützt von der mutigen Lehrerin Nona (Viola Davis), den scheinbar aussichtslosen Kampfgegen ein übermächtiges Schulsystem auf. Konfrontiert mit der mächtigen und schwer durchschaubaren Bürokratie sowie einem Bildungssystem, dasin seinen traditionellen Denkweisen festgefahren ist, riskieren beide Kopf und Kragen bei ihrem Kampf für die Bildung und Zukunft ihrer Kinder.UM KLASSEN BESSER ist nicht nur ein Film über starke Frauen, sondern auch über den Willen, sich unbeirrbar für seine Ziele einzusetzen. Eine Geschichte voller Emotionen - inspiriert von wahren Begebenheiten.Dabei steht UM KLASSEN BESSER in der Tradition der kraftvollen Bilder von Mut-Mach-Filmen wie BLIND SIDE - DIE GROSSE CHANCE und ERIN BROCKOVICH - EINE WAHRE GESCHICHTE, welche allesamt von Frauen handeln, die ein begangenes Unrecht wiedergutmachen, indem sie die Dinge selbst in die Hand nehmen und die so wichtigen Veränderungen zum Wohle aller Beteiligtenzum Besseren verändern. Der Feelgood-Film des Sommers über die zentralen Themen unserer Zeit: Bildung, Zukunftschancen, Zusammenhalt und Freundschaft! Emotional, humorvoll, glaubwürdig in Szene gesetzt: Zwei Power-Frauen wollen es einfach besser machen!</marc:subfield>
   </marc:datafield>
   <marc:datafield ind1=" " ind2=" " tag="020">
      <marc:subfield code="a">7611372642717</marc:subfield>
      <marc:subfield code="9">7611372642717</marc:subfield>
   </marc:datafield>
   <marc:datafield ind1=" " ind2=" " tag="500">
      <marc:subfield code="a">Orig. : USA 2012. Sprache: Deutsch (Dolby Digital 5.1), Englisch (Dolby Digital 5.1). Untertitel: Englisch</marc:subfield>
   </marc:datafield>
   <marc:datafield ind1="0" ind2=" " tag="490">
      <marc:subfield code="v">0</marc:subfield>
   </marc:datafield>
   <marc:datafield ind1=" " ind2=" " tag="300">
      <marc:subfield code="a">1 DVD (116 Min., 20 Min. Bonusmaterial) : farbig</marc:subfield>
   </marc:datafield>
</marc:record>
